[Event "Cheliabinsk-ch final"]
[Site "Cheliabinsk"]
[Date "2013.01.27"]
[Round "9"]
[White "Kosov, Viacheslav"]
[Black "Matsenko, Vadim"]
[Result "1/2-1/2"]
[WhiteElo "2065"]
[BlackElo "2157"]
[PlyCount "65"]
[EventDate "2013.01.15"]
[EventType "swiss"]
[EventRounds "9"]
[EventCountry "RUS"]
[SourceTitle "EXT 2014"]
[Source "ChessBase"]
[SourceDate "2013.11.20"]
[SourceVersion "1"]
[SourceVersionDate "2013.11.20"]
[SourceQuality "1"]

1. d4 Nf6 2. Nf3 d5 3. c4 e6 4. Nc3 Be7 5. Bg5 0-0 6. e3 b6 7. Rc1 Bb7 8. Bxf6 Bxf6 9. cxd5 exd5 10. Bd3 Re8 11. 0-0 a6 12. b4 g6 13. Qb3 c6 14. Rfd1 Re7 15. h4 Bc8 16. e4 Bg4 17. e5 Bg7 18. Be2 Re8 19. Re1 Bxf3 20. Bxf3 Qxh4 21. Nxd5 cxd5 22. Rc7 Qxd4 23. Qxd5 Qxd5 24. Bxd5 Nd7 25. Rxd7 Red8 26. Bxf7+ Kf8 27. Rxd8+ Rxd8 28. Bb3 Rd4 29. Re3 Ke8 30. e6 Ke7 31. Rc3 Rd1+ 32. Bxd1 Bxc3 33. b5 1/2-1/2

[Event "Cheliabinsk-ch final"]
[Site "Cheliabinsk"]
[Date "2013.01.26"]
[Round "7"]
[White "Korostelev, Stanislav"]
[Black "Kosov, Viacheslav"]
[Result "1-0"]
[WhiteElo "2133"]
[BlackElo "2065"]
[PlyCount "61"]
[EventDate "2013.01.15"]
[EventType "swiss"]
[EventRounds "9"]
[EventCountry "RUS"]
[SourceTitle "EXT 2014"]
[Source "ChessBase"]
[SourceDate "2013.11.20"]
[SourceVersion "1"]
[SourceVersionDate "2013.11.20"]
[SourceQuality "1"]

1. Nf3 d5 2. g3 Nf6 3. Bg2 e6 4. 0-0 Be7 5. d3 0-0 6. Nbd2 c5 7. e4 dxe4 8. dxe4 Nc6 9. Re1 e5 10. c3 Be6 11. Qe2 h6 12. Nc4 Qc7 13. Nh4 Nd7 14. Nf5 Bxf5 15. exf5 Rfe8 16. Ne3 Nf6 17. Nd5 Nxd5 18. Bxd5 Bf6 19. Qg4 Rad8 20. Bxh6 Kf8 21. Bxc6 Qxc6 22. Be3 e4 23. Rad1 b6 24. h4 Rd3 25. h5 Rxd1 26. Rxd1 Be5 27. Kg2 Bc7 28. Rh1 Re5 29. h6 gxh6 30. Rxh6 Qd7 31. Qg5 1-0

[Event "Cheliabinsk Region-ch"]
[Site "Cheliabinsk"]
[Date "2012.02.23"]
[Round "6"]
[White "Baigildin, Albert"]
[Black "Kosov, Viacheslav"]
[Result "0-1"]
[WhiteElo "2187"]
[BlackElo "2028"]
[PlyCount "48"]
[EventDate "2012.02.18"]
[EventType "swiss"]
[EventRounds "9"]
[EventCountry "RUS"]
[SourceTitle "EXT 2014"]
[Source "ChessBase"]
[SourceDate "2013.11.20"]
[SourceVersion "1"]
[SourceVersionDate "2013.11.20"]
[SourceQuality "1"]

1. e4 c5 2. Nf3 d6 3. d4 cxd4 4. Nxd4 Nf6 5. Nc3 a6 6. Bg5 Nbd7 7. Bc4 Qc7 8. Qe2 e6 9. 0-0-0 b5 10. Bb3 h6 11. Bxf6 Nxf6 12. Rhe1 Be7 13. Nd5 Nxd5 14. exd5 Bg5+ 15. Kb1 e5 16. g3 0-0 17. Nf3 Bf6 18. Nd2 Bf5 19. Ne4 Bxe4 20. Qxe4 a5 21. c3 g6 22. h4 Bg7 23. h5 f5 24. Qc2 a4 0-1

[Event "Cheliabinsk-ch"]
[Site "Cheliabinsk"]
[Date "2011.03.02"]
[Round "5"]
[White "Mutav, Vladimir"]
[Black "Kosov, Viacheslav"]
[Result "1-0"]
[WhiteElo "1817"]
[BlackElo "2037"]
[PlyCount "79"]
[EventDate "2011.02.26"]
[EventType "swiss"]
[EventRounds "9"]
[EventCountry "RUS"]
[SourceTitle "CBM 141 Extra"]
[Source "ChessBase"]
[SourceDate "2011.05.03"]
[SourceVersion "1"]
[SourceVersionDate "2011.05.03"]
[SourceQuality "1"]

1. d4 d5 2. c4 c6 3. cxd5 cxd5 4. Nc3 Nf6 5. Bg5 e6 6. Nf3 Nc6 7. e3 Be7 8. Be2 0-0 9. 0-0 a6 10. Rc1 Bd7 11. Bxf6 Bxf6 12. Qd2 b5 13. b3 Be7 14. Qb2 Qa5 15. Nb1 Bd6 16. a3 Qb6 17. Ne1 e5 18. dxe5 Bxe5 19. Rxc6 Qxc6 20. Qxe5 Rfe8 21. Qd4 Re4 22. Qd2 Rc8 23. Bf3 Re5 24. Nd3 Ree8 25. Nb4 Qg6 26. Bxd5 a5 27. Nd3 Red8 28. Ne5 Qc2 29. Qxc2 Rxc2 30. Nxf7 Rc5 31. Nxd8+ Rxd5 32. Nb7 b4 33. axb4 axb4 34. e4 Rd4 35. Nc5 Bb5 36. Re1 Kf7 37. f4 Ke7 38. g3 Kd6 39. Rc1 Bc6 40. Kf2 1-0

[Event "Cheliabinsk-ch"]
[Site "Cheliabinsk"]
[Date "2011.02.27"]
[Round "2"]
[White "Kosov, Viacheslav"]
[Black "Povolotsky, Evgeny"]
[Result "1/2-1/2"]
[WhiteElo "2037"]
[BlackElo "1975"]
[PlyCount "63"]
[EventDate "2011.02.26"]
[EventType "swiss"]
[EventRounds "9"]
[EventCountry "RUS"]
[SourceTitle "CBM 141 Extra"]
[Source "ChessBase"]
[SourceDate "2011.05.03"]
[SourceVersion "1"]
[SourceVersionDate "2011.05.03"]
[SourceQuality "1"]

1. d4 d5 2. Nf3 Nf6 3. c4 e6 4. Nc3 c6 5. Bg5 h6 6. Bxf6 Qxf6 7. e3 Nd7 8. Qc2 g6 9. a3 Bg7 10. Be2 dxc4 11. Ne4 Qe7 12. Bxc4 b6 13. 0-0 Bb7 14. Rad1 Rc8 15. b4 0-0 16. Qd3 Nb8 17. Qc2 Rfd8 18. Rd2 c5 19. dxc5 Bxe4 20. Rxd8+ Qxd8 21. Qxe4 bxc5 22. b5 Nd7 23. Rd1 Qc7 24. h4 Nb6 25. Rd3 Kh8 26. Nd2 e5 27. h5 f5 28. Qc6 Qxc6 29. bxc6 Nxc4 30. Nxc4 Rxc6 31. Rd8+ Kh7 32. Rd7 1/2-1/2

[Event "Cheliabinsk Region-ch"]
[Site "Cheliabinsk"]
[Date "2010.04.01"]
[Round "6"]
[White "Kosov, Viacheslav"]
[Black "Tsapov, Igor"]
[Result "1-0"]
[WhiteElo "2076"]
[BlackElo "2108"]
[PlyCount "121"]
[EventDate "2010.03.27"]
[EventType "swiss"]
[EventRounds "9"]
[EventCountry "RUS"]
[SourceTitle "EXT 2012"]
[Source "ChessBase"]
[SourceDate "2011.11.24"]
[SourceVersion "1"]
[SourceVersionDate "2011.11.24"]
[SourceQuality "1"]

1. d4 Nf6 2. Nf3 d6 3. c4 Nbd7 4. Nc3 e5 5. dxe5 dxe5 6. Bg5 c6 7. e3 Bb4 8. Be2 Qa5 9. Bxf6 Nxf6 10. 0-0 Bf5 11. Qb3 0-0 12. Rac1 Bg4 13. Nxe5 Bxe2 14. Nxe2 Ne4 15. Nf3 Nc5 16. Qc2 Qxa2 17. Ned4 Qa5 18. Qe2 Ne4 19. Ra1 Qh5 20. Qc2 Rfe8 21. Ne2 Bd6 22. Rfd1 Qg6 23. Ng3 Bxg3 24. hxg3 Qe6 25. Rd4 c5 26. Rd5 b6 27. Rad1 Nf6 28. Rd6 Qe7 29. Qd3 h6 30. b3 Qe4 31. Qxe4 Rxe4 32. Nd2 Re6 33. Rxe6 fxe6 34. Nb1 Kf7 35. Nc3 Ke7 36. f3 Rd8 37. Rxd8 Kxd8 38. Kf2 Kd7 39. g4 Kc6 40. e4 e5 41. Ke3 a6 42. Nd5 b5 43. Ne7+ Kd7 44. Nf5 bxc4 45. bxc4 Ne8 46. Kd3 Ke6 47. Kc3 Kf6 48. Kb3 Kg5 49. g3 g6 50. Ne7 Nc7 51. Nc6 Kf6 52. Ka4 Ne6 53. Ka5 Nd4 54. Kb6 Nxf3 55. Kxc5 Kg5 56. Kd5 Kf6 57. c5 Nd4 58. Nxd4 exd4 59. e5+ Ke7 60. Kxd4 Kd7 61. Kc4 1-0

[Event "Cheliabinsk Sveshnikov 60 op"]
[Site "Cheliabinsk"]
[Date "2010.03.03"]
[Round "8"]
[White "Kosov, Viacheslav"]
[Black "Pivovarov, Michail"]
[Result "1-0"]
[WhiteElo "2072"]
[BlackElo "1930"]
[PlyCount "109"]
[EventDate "2010.02.24"]
[EventType "swiss"]
[EventRounds "9"]
[EventCountry "RUS"]
[SourceTitle "EXT 2012"]
[Source "ChessBase"]
[SourceDate "2011.11.24"]
[SourceVersion "1"]
[SourceVersionDate "2011.11.24"]
[SourceQuality "1"]

1. d4 Nf6 2. Nf3 e6 3. e3 b6 4. Nbd2 Bb7 5. Bd3 Be7 6. 0-0 c5 7. c3 d5 8. Qe2 Nbd7 9. e4 Nxe4 10. Nxe4 dxe4 11. Bxe4 Bxe4 12. Qxe4 0-0 13. Qe2 Nf6 14. dxc5 Bxc5 15. Bg5 Be7 16. Rfd1 Qc7 17. Rd2 Rad8 18. Rad1 Rxd2 19. Rxd2 Rd8 20. Rxd8+ Qxd8 21. h3 h6 22. Bf4 Nd5 23. Bg3 Qc8 24. c4 Nf6 25. b3 Qb7 26. Ne5 Nd7 27. Qh5 Nxe5 28. Qxe5 Qd7 29. Qc7 Qxc7 30. Bxc7 Bc5 31. Bb8 a5 32. Kf1 Kf8 33. Ke2 Ke7 34. Bf4 Kd7 35. f3 Kc6 36. Kd3 Ba3 37. Be5 f6 38. Bc3 Kc5 39. Bd4+ Kc6 40. g4 Be7 41. h4 g6 42. h5 g5 43. Bb2 b5 44. Bc3 b4 45. Bd4 Bd8 46. Ke4 Kd6 47. Bb2 Ke7 48. a3 Kd6 49. axb4 axb4 50. Bd4 Be7 51. Be3 Bf8 52. f4 Kd7 53. fxg5 fxg5 54. Kd4 Bg7+ 55. Kc5 1-0

[Event "Cheliabinsk Sveshnikov 60 op"]
[Site "Cheliabinsk"]
[Date "2010.02.28"]
[Round "5"]
[White "Eryshkanova, Anastasiya"]
[Black "Kosov, Viacheslav"]
[Result "1-0"]
[WhiteElo "2090"]
[BlackElo "2072"]
[PlyCount "65"]
[EventDate "2010.02.24"]
[EventType "swiss"]
[EventRounds "9"]
[EventCountry "RUS"]
[SourceTitle "EXT 2012"]
[Source "ChessBase"]
[SourceDate "2011.11.24"]
[SourceVersion "1"]
[SourceVersionDate "2011.11.24"]
[SourceQuality "1"]

1. e4 c5 2. Nf3 d6 3. d4 cxd4 4. Nxd4 Nf6 5. Bd3 Nc6 6. Nxc6 bxc6 7. 0-0 g6 8. Qe2 Bg7 9. e5 dxe5 10. Qxe5 0-0 11. Qc5 Qd6 12. Qxd6 exd6 13. Bf4 Nd5 14. Bxd6 Bxb2 15. Bxf8 Kxf8 16. Nd2 Bxa1 17. Rxa1 Rb8 18. Nb3 Nc3 19. f3 Be6 20. Kf2 Rb4 21. a3 Rh4 22. h3 Bd5 23. Ke3 Na4 24. Nd2 Nb6 25. Be4 f5 26. Bd3 Ra4 27. Nb3 f4+ 28. Kd2 Nc4+ 29. Bxc4 Rxc4 30. Kd3 Ra4 31. Nd2 c5 32. Kc3 Ke7 33. Kb2 1-0

[Event "Cheliabinsk Sveshnikov 60 op"]
[Site "Cheliabinsk"]
[Date "2010.02.25"]
[Round "2"]
[White "Kosov, Viacheslav"]
[Black "Khazhipov, Timur"]
[Result "1-0"]
[WhiteElo "2072"]
[BlackElo "1954"]
[PlyCount "75"]
[EventDate "2010.02.24"]
[EventType "swiss"]
[EventRounds "9"]
[EventCountry "RUS"]
[SourceTitle "EXT 2012"]
[Source "ChessBase"]
[SourceDate "2011.11.24"]
[SourceVersion "1"]
[SourceVersionDate "2011.11.24"]
[SourceQuality "1"]

1. d4 d5 2. Nf3 c6 3. c4 Nf6 4. e3 e6 5. Nbd2 Nbd7 6. Bd3 dxc4 7. Nxc4 b5 8. Nce5 Bb7 9. 0-0 Bd6 10. e4 a6 11. Nxf7 Kxf7 12. e5 Bc7 13. exf6 gxf6 14. Nh4 c5 15. Qh5+ Ke7 16. Re1 Qg8 17. Be4 Bxe4 18. Rxe4 cxd4 19. Nf5+ Kd8 20. Nxd4 Be5 21. Nc6+ Kc7 22. Nxe5 fxe5 23. Be3 Qg6 24. Rc1+ Kb7 25. Qf3 Rhf8 26. Rf4+ e4 27. Qxe4+ Qxe4 28. Rxe4 e5 29. Rd1 Rf7 30. a4 bxa4 31. Rb4+ Kc8 32. Rxa4 Rb8 33. Rc4+ Kd8 34. b4 Ke8 35. h3 Nf8 36. Rd6 Rfb7 37. Bc5 Rc8 38. Rxa6 1-0

[Event "Cheliabinsk Postovalov Memorial 3rd"]
[Site "Cheliabinsk"]
[Date "2009.01.08"]
[Round "5"]
[White "Kosov, Viacheslav"]
[Black "Gorbushin, Maksim"]
[Result "1/2-1/2"]
[WhiteElo "2064"]
[BlackElo "1998"]
[PlyCount "29"]
[EventDate "2009.01.06"]
[EventType "swiss"]
[EventRounds "9"]
[EventCountry "RUS"]
[SourceTitle "EXT 2010"]
[Source "ChessBase"]
[SourceDate "2010.11.25"]
[SourceVersion "1"]
[SourceVersionDate "2010.11.25"]
[SourceQuality "1"]

1. d4 Nf6 2. c4 g6 3. Nc3 Bg7 4. e4 d6 5. Nf3 0-0 6. Be2 e5 7. 0-0 Nc6 8. d5 Ne7 9. Ne1 Ne8 10. Be3 f5 11. f3 f4 12. Bf2 g5 13. Nd3 Ng6 14. b4 Nf6 15. c5 1/2-1/2

[Event "Cheliabinsk Postovalov Memorial 3rd"]
[Site "Cheliabinsk"]
[Date "2009.01.07"]
[Round "3"]
[White "Kosov, Viacheslav"]
[Black "Mustafina, Yulia"]
[Result "1-0"]
[WhiteElo "2064"]
[BlackElo "1782"]
[PlyCount "75"]
[EventDate "2009.01.06"]
[EventType "swiss"]
[EventRounds "9"]
[EventCountry "RUS"]
[SourceTitle "EXT 2010"]
[Source "ChessBase"]
[SourceDate "2010.11.25"]
[SourceVersion "1"]
[SourceVersionDate "2010.11.25"]
[SourceQuality "1"]

1. d4 d5 2. c4 c6 3. Nf3 Nf6 4. e3 Bg4 5. Qb3 Qc7 6. Ne5 Bf5 7. Nc3 e6 8. Bd2 Nbd7 9. Rc1 Bd6 10. cxd5 Bxe5 11. Nb5 Qd8 12. dxe5 Nxe5 13. Bc3 Nd3+ 14. Bxd3 Bxd3 15. Bxf6 gxf6 16. Qxd3 cxb5 17. Qxb5+ Kf8 18. dxe6 fxe6 19. Qc5+ Kg8 20. 0-0 b6 21. Qc7 Qxc7 22. Rxc7 h6 23. Rfc1 Rh7 24. Rc8+ Rxc8 25. Rxc8+ Kg7 26. Rc7+ Kg6 27. Rxh7 Kxh7 28. g4 Kg6 29. Kg2 Kg5 30. Kg3 a5 31. a4 f5 32. f4+ Kg6 33. gxf5+ Kxf5 34. Kf3 h5 35. e4+ Kf6 36. Kg3 Kg6 37. Kh4 Kh6 38. f5 1-0

[Event "Cheliabinsk Cup"]
[Site "Cheliabinsk"]
[Date "2008.09.06"]
[Round "5"]
[White "Korostelev, Stanislav"]
[Black "Kosov, Viacheslav"]
[Result "1-0"]
[WhiteElo "2134"]
[BlackElo "2083"]
[PlyCount "103"]
[EventDate "2008.09.02"]
[EventType "swiss"]
[EventRounds "9"]
[EventCountry "RUS"]
[SourceTitle "EXT 2010"]
[Source "ChessBase"]
[SourceDate "2010.11.25"]
[SourceVersion "1"]
[SourceVersionDate "2010.11.25"]
[SourceQuality "1"]

1. d4 d5 2. Nf3 Nf6 3. g3 c6 4. Bg2 Bg4 5. Nc3 Nbd7 6. 0-0 e6 7. Bf4 Be7 8. Ne5 Nxe5 9. Bxe5 0-0 10. f3 Bh5 11. Qd2 Nd7 12. Bf4 g5 13. Be3 f5 14. Bf2 Bg6 15. Rae1 Nf6 16. Qxg5 Ng4 17. Qd2 Nxf2 18. Rxf2 Bg5 19. f4 Bf6 20. Nd1 Qb6 21. c3 Qa5 22. a3 b5 23. e3 Qb6 24. Rff1 a5 25. Nf2 c5 26. Nd3 c4 27. Ne5 Ra7 28. g4 Bxe5 29. fxe5 fxg4 30. Rxf8+ Kxf8 31. e4 Bxe4 32. Bxe4 dxe4 33. Rxe4 Rg7 34. Qh6 Kg8 35. Qh5 Rg6 36. Rxg4 Kg7 37. Qh4 Qc6 38. Kf2 Rxg4 39. Qxg4+ Kh8 40. Qf3 Qe8 41. Qf6+ Kg8 42. Kg3 Qd7 43. h4 Qd5 44. h5 Qh1 45. Qxe6+ Kg7 46. h6+ Kf8 47. Qf6+ Ke8 48. Qh8+ Kd7 49. Qxh7+ Kd8 50. Qg8+ Kc7 51. Qf7+ Kc8 52. h7 1-0

[Event "Cheliabinsk Cup"]
[Site "Cheliabinsk"]
[Date "2008.09.02"]
[Round "1"]
[White "Dvoirys, Semen I"]
[Black "Kosov, Viacheslav"]
[Result "1-0"]
[WhiteElo "2553"]
[BlackElo "2083"]
[PlyCount "73"]
[EventDate "2008.09.02"]
[EventType "swiss"]
[EventRounds "9"]
[EventCountry "RUS"]
[SourceTitle "EXT 2010"]
[Source "ChessBase"]
[SourceDate "2010.11.25"]
[SourceVersion "1"]
[SourceVersionDate "2010.11.25"]
[SourceQuality "1"]

1. c4 e6 2. g3 d5 3. Bg2 Nf6 4. cxd5 exd5 5. Nf3 c6 6. 0-0 Be7 7. d4 Bg4 8. Ne5 Bf5 9. Nc3 Nbd7 10. Nd3 0-0 11. f3 Qb6 12. Nf2 Be6 13. e4 dxe4 14. fxe4 Rad8 15. b3 Ne5 16. Na4 Qa5 17. Bb2 b5 18. Nc3 Qb6 19. Ne2 Neg4 20. Qd2 h6 21. Nd3 c5 22. d5 c4+ 23. Bd4 Qa6 24. Ndf4 g5 25. dxe6 gxf4 26. exf7+ Rxf7 27. Qxf4 Qe6 28. h3 Bd6 29. Qf5 Qxf5 30. Rxf5 Bc7 31. hxg4 Rxd4 32. Nxd4 Bb6 33. Rd1 c3 34. Kh1 b4 35. Nc2 Nxg4 36. Rxf7 Kxf7 37. Rf1+ 1-0

[Event "Cheliabinsk Region-ch"]
[Site "Cheliabinsk"]
[Date "2008.03.07"]
[Round "7"]
[White "Oreshkin, Artem"]
[Black "Kosov, Viacheslav"]
[Result "1-0"]
[WhiteElo "2035"]
[BlackElo "2108"]
[PlyCount "92"]
[EventDate "2008.03.01"]
[EventType "swiss"]
[EventRounds "9"]
[EventCountry "RUS"]
[SourceTitle "CBM 123 Extra"]
[Source "ChessBase"]
[SourceDate "2008.05.06"]
[SourceVersion "1"]
[SourceVersionDate "2008.05.06"]
[SourceQuality "1"]

1. c4 c6 2. Nc3 Nf6 3. Nf3 d5 4. cxd5 cxd5 5. d4 Nc6 6. Bf4 e6 7. e3 Be7 8. a3 a6 9. Bd3 0-0 10. h3 b5 11. b4 Bb7 12. 0-0 Rc8 13. Ne2 Bd6 14. Bxd6 Qxd6 15. Nc1 e5 16. Bf5 Rc7 17. Nb3 e4 18. Nfd2 Ne7 19. Bg4 Nxg4 20. Qxg4 Bc8 21. Qg3 Qxg3 22. fxg3 Nf5 23. Kf2 Nd6 24. Nc5 f5 25. Nb1 Nc4 26. Nc3 Nb6 27. Rfc1 g5 28. Ne2 Rf6 29. h4 h6 30. hxg5 hxg5 31. Rh1 f4 32. gxf4 Bg4 33. g3 Na4 34. Rac1 Nb2 35. Rc3 Rg7 36. Rb3 Bf3 37. Rh2 Nc4 38. fxg5 Rxg5 39. Nf4 Bg4 40. Rb1 Nxa3 41. Rbh1 Nc2 42. Rh8+ Kf7 43. Rb1 Kg7 44. Ra8 Rh6 45. Kg1 Rgh5 46. Nxh5+ Rxh5 1-0

[Event "Cheliabinsk Region-ch"]
[Site "Cheliabinsk"]
[Date "2008.03.04"]
[Round "4"]
[White "Kosov, Viacheslav"]
[Black "Sevastyanov, Michail"]
[Result "0-1"]
[WhiteElo "2108"]
[BlackElo "2161"]
[PlyCount "120"]
[EventDate "2008.03.01"]
[EventType "swiss"]
[EventRounds "9"]
[EventCountry "RUS"]
[SourceTitle "CBM 123 Extra"]
[Source "ChessBase"]
[SourceDate "2008.05.06"]
[SourceVersion "1"]
[SourceVersionDate "2008.05.06"]
[SourceQuality "1"]

1. d4 f5 2. Bg5 g6 3. Nf3 d6 4. Nbd2 h6 5. Be3 Nf6 6. Nb3 Bg7 7. h3 Nc6 8. d5 Ne5 9. Nxe5 dxe5 10. c4 0-0 11. g3 g5 12. Bg2 f4 13. gxf4 exf4 14. Bd4 e6 15. Qd3 exd5 16. cxd5 a5 17. Bc3 a4 18. Nc5 b6 19. Ne6 Bxe6 20. dxe6 Qxd3 21. exd3 Rae8 22. Kd2 Rxe6 23. Rhe1 Rfe8 24. Rxe6 Rxe6 25. Re1 Rxe1 26. Kxe1 Ne8 27. Bc6 a3 28. Bxg7 Kxg7 29. bxa3 Kf7 30. Kd2 Nd6 31. Kc3 Ke6 32. a4 Nf5 33. d4 Kd6 34. Be4 Ne7 35. Kc4 Nc8 36. Bf3 Ne7 37. Be4 Nc6 38. Bf3 Ne7 39. Be4 Nc8 40. a5 bxa5 41. Kb5 Ne7 42. a4 h5 43. f3 h4 44. Kxa5 Nc6+ 45. Kb5 Nxd4+ 46. Kc4 Nc6 47. Kb5 Nd4+ 48. Kc4 Ne6 49. a5 Nc5 50. Bf5 c6 51. Bc8 Kc7 52. Bf5 Nb7 53. Kb4 c5+ 54. Ka4 Nd6 55. Be6 Kc6 56. Bg4 Nc4 57. Bf5 Kc7 58. Be6 Ne3 59. Kb5 g4 60. a6 gxf3 0-1